000 00647nam a2200205Ii 4500
003 JO-AjNU
008 230606s9999||||xx |||||||||||||| ||und||
020 _a0-06-364042-2
040 _aJO-AjNU
_beng
_erda
_cJO-AjNU
041 _aeng
050 1 4 _aHF5415.135.L54.1983
100 3 _aLilien,Gary L/Philip kotler,
_eauthor
_92962
245 0 0 _aInstructor's Manual to accompany Marketing Decision Making A Model- Building Approach
264 3 1 _aNew York:Harper&Row Publishers,1983
300 _a125p
336 _atext
_btxt
_2rdacontent
337 _aunmediated
_bn
_2rdamedia
338 _avolume
_bnc
_2rdacarrier
650 4 _aMarketing
_92963
999 _aE1552
_c1552
_d1552